000 00221nam a2200097Ia 4500
005 20251222120856.0
008 251222s1900||||xx |||||||||||||| ||spa||
082 _aDVD0070/H51/1996
245 0 _aClaroscuro:Shine
942 _cDVD
999 _c2409
_d2409